Introducción a la lógica y al método científico (Registro nro. 3550)

Detalles MARC
000 -LEADER
fixed length control field 01502 a2200229 4500
001 - CONTROL NUMBER
control field 41932
005 - DATE AND TIME OF LATEST TRANSACTION
control field 20260407155710.0
008 - FIXED-LENGTH DATA ELEMENTS--GENERAL INFORMATION
fixed length control field 260407a1976 arg spa d
003 - CONTROL NUMBER IDENTIFIER
control field AR-UNSa-BCEJYS
040 ## - CATALOGING SOURCE
Original cataloging agency AR-UNSa-BCEJYS
Language of cataloging spa
Transcribing agency AR-UNSa-BCEJYS
080 ## - UNIVERSAL DECIMAL CLASSIFICATION NUMBER
Universal Decimal Classification number 16
Common auxiliary subdivision Lógica. Epistemología. Teoría del conocimiento
041 ## - LANGUAGE CODE
Language code of text/sound track or separate title spa
100 1# - MAIN ENTRY--PERSONAL NAME
Personal name Nagel, Ernest
245 10 - TITLE STATEMENT
Title Introducción a la lógica y al método científico
250 ## - EDITION STATEMENT
Edition statement 4a. ed.
264 #1 - PRODUCTION, PUBLICATION, DISTRIBUTION, MANUFACTURE, AND COPYRIGHT NOTICE
Place of production, publication, distribution, manufacture Buenos Aires :
Name of producer, publisher, distributor, manufacturer Amorrortu Editores
Date of production, publication, distribution, manufacture, or copyright notice 1976
300 ## - PHYSICAL DESCRIPTION
Extent 2 v. (268 ; 284 p.)
Dimensions 20 cm.
505 ## - FORMATTED CONTENTS NOTE
Formatted contents note Vol. I: Lógica formal: 1. El objeto de estudio de la lógica - 2. El análisis de las proposiciones - 3. Las relaciones entre las proposiciones - 4. El silogismo categórico - 5. Silogismos hipotéticos, alternativos y disyuntivos - 6. Lógica generalizada o matemática - 7. La naturaleza de un sistema lógico o matemático - 8. La inferencia probable - 9. Algunos problemas lógicos -- Vol. II: Lógica aplicada y método científico: 10. La lógica aplicada y el método de la ciencia - 11. Las hipótesis y el método científico - 12. Clasificación y definición - 13. Los métodos de la investigación experimental - 14. Probabilidad e inducción - 15. La mediación - 16. Métodos estadísticos - 17. La inferencia probable en la historia y campos afines - 18. La lógica y la evaluación crítica - 19. Falacias - 20. Conclusión
590 ## - LOCAL NOTE (RLIN)
Local note niveau_biblio:m niveau_hierar:0
700 1# - ADDED ENTRY--PERSONAL NAME
Personal name Cohen, Morris R.
942 ## - ADDED ENTRY ELEMENTS (KOHA)
Koha item type
Existencias
Withdrawn status Lost status Damaged status Not for loan Home library Current library Shelving location Date acquired Total checkouts Full call number Barcode Date last seen Price effective from Koha item type
        Biblioteca Prof. Eusebio Cleto del Rey Biblioteca Prof. Eusebio Cleto del Rey   07/04/2026   16 C678 4ed. v.1 L26566 07/04/2026 07/04/2026 Libro
        Biblioteca Prof. Eusebio Cleto del Rey Biblioteca Prof. Eusebio Cleto del Rey   07/04/2026   16 C678 4ed. v.2 L26571 07/04/2026 07/04/2026 Libro
        Biblioteca Prof. Eusebio Cleto del Rey Biblioteca Prof. Eusebio Cleto del Rey   07/04/2026   16 C678 4ed. v.2 L26567 07/04/2026 07/04/2026 Libro
        Biblioteca Prof. Eusebio Cleto del Rey Biblioteca Prof. Eusebio Cleto del Rey   07/04/2026   16 C678 4ed. v.2 L26575 07/04/2026 07/04/2026 Libro
        Biblioteca Prof. Eusebio Cleto del Rey Biblioteca Prof. Eusebio Cleto del Rey   07/04/2026   16 C678 4ed. v.2 L26569 07/04/2026 07/04/2026 Libro
        Biblioteca Prof. Eusebio Cleto del Rey Biblioteca Prof. Eusebio Cleto del Rey   07/04/2026   16 C678 4ed. v.2 L26573 07/04/2026 07/04/2026 Libro
        Biblioteca Prof. Eusebio Cleto del Rey Biblioteca Prof. Eusebio Cleto del Rey   07/04/2026   16 C678 4ed. v.1 L26570 07/04/2026 07/04/2026 Libro
        Biblioteca Prof. Eusebio Cleto del Rey Biblioteca Prof. Eusebio Cleto del Rey   07/04/2026   16 C678 4ed. v.1 L26572 07/04/2026 07/04/2026 Libro
        Biblioteca Prof. Eusebio Cleto del Rey Biblioteca Prof. Eusebio Cleto del Rey   07/04/2026   16 C678 4ed. v.1 L26568 07/04/2026 07/04/2026 Libro
        Biblioteca Prof. Eusebio Cleto del Rey Biblioteca Prof. Eusebio Cleto del Rey   07/04/2026   16 C678 4ed. v.1 L26574 07/04/2026 07/04/2026 Libro